000 00464nam a2200169 4500
001 264
005 20230411085953.0
008 060907n1989 dr spa
035 _9funglode265
041 _aES
100 _aPrieto, Indalecio
245 1 _aCartas a un escultor /
_cIndalecio Prieto
260 _aBarcelona :
_bFundación Indalecio Prieto; Planeta,
_c1989
300 _a158 p.
440 _aConvulsiones en España ;
_v1
942 _2lcc
_cbk
999 _c110221
_d110221